Ukraine - V4 Trade Relations
Počas druhej dekády 21. storočia sa obchodné vzťahy týkajúce sa tovaru a služieb medzi Ukrajinou a krajinami V4 neustále rozvíjali s nárastom vzájomného obchodu s tovarom aj službami. Preskúmanie vývoja zahraničného obchodu Ukrajiny s tovarom a službami s krajinami V4 počas druhej dekády 21. storoči...
Guardado en:
| Autor principal: | |
|---|---|
| Otros Autores: | |
| Formato: | Capítulo de libro |
| Lenguaje: | inglés |
| Materias: | |
| Etiquetas: |
Sin Etiquetas, Sea el primero en etiquetar este registro!
|
MARC
| LEADER | 00000naa$a2200000$$$4500 | ||
|---|---|---|---|
| 001 | 0312406 | ||
| 005 | 20260305090956.0 | ||
| 041 | 0 | |a eng | |
| 044 | |a SK | ||
| 245 | 1 | 0 | |a Ukraine - V4 Trade Relations |c Martin Grešš, Ivona Peternel |
| 520 | |a Počas druhej dekády 21. storočia sa obchodné vzťahy týkajúce sa tovaru a služieb medzi Ukrajinou a krajinami V4 neustále rozvíjali s nárastom vzájomného obchodu s tovarom aj službami. Preskúmanie vývoja zahraničného obchodu Ukrajiny s tovarom a službami s krajinami V4 počas druhej dekády 21. storočia a prezentácia stručného prehľadu literatúry a sektorových správ. Z pohľadu krajín V4 je Poľsko zďaleka najväčším obchodným partnerom Ukrajiny, ako v oblasti tovaru, tak aj služieb. Zistenie, že literatúra na túto tému je pomerne vzácna a existuje veľká medzera, ktorú by mal pokryť ďalší výskum vzájomného obchodu medzi Ukrajinou a krajinami V4. | ||
| 610 | 2 | 0 | |a vzťahy obchodné |
| 610 | 2 | 0 | |a dovoz |
| 610 | 2 | 0 | |a vývoz |
| 610 | 2 | 0 | |a tovar |
| 610 | 2 | 0 | |a služby |
| 610 | 2 | 0 | |a Ukrajina |
| 610 | 2 | 0 | |a Vyšehradská štvorka |
| 610 | 2 | 0 | |a Európska únia |
| 100 | 1 | |a Grešš, Martin, 1978- | |
| 700 | 1 | |a Peternel, Ivona | |